000 00939nam a22002897a 4500
001 BR7909399
003 BR-BrBNA
005 20230928090507.0
007 ta
008 230509b bl.||||| |||| 00| 0 por d
040 _aBR-BrBNA
_bpor
_cBiblioteca Nacional de Agricultura
041 _a(Por)
072 _aF01; E11
_b0230
_b/G514
090 _ 0230 BR7909399
110 1 _aComissao Estadual de Planejamento Agricola, Rio de Janeiro, RJ (Brasil)
_92060
245 1 _aMicrozoneamento para producao de cana-de-acucar no estado do Rio de Janeiro em face do PROALCOOL: as repercussoes da sua expansao nas areas de producao de alimentos
260 3 _aRio de Janeiro, RJ (Brasil):
_c1979.
300 _a18 p.
650 _aCANA DE ACUCAR
650 _aPRODUCAO VEGETAL
650 _aZONEAMENTO
650 _aSOLO
650 _aAPTIDAO AGRICOLA
650 _aRIO DE JANEIRO
909 _a202309
_bLucia
_c55
_dLucia Elande
942 _cBK
999 _c29069
_d29069